Malaga - Choix multiples - Statistiques

Statistiques générales
  • Ce quiz a été pris 45 fois
  • Le résultat moyen est 6 sur 10
Statistiques - réponses
Question Réponse % Correct
Dans quelle communauté autonome se trouve Malaga ? Andalousie
98%
Dans quelle région côtière méditerranéenne se trouve Malaga ? Costa del Sol
80%
Lequel de ces artistes est né à Malaga ? Pablo Picasso
80%
Quel est un plat typique de Malaga ?
78%
Quelle est la deuxième ville la plus peuplée de la province de Malaga ? Marbella
75%
Quel surnom fait référence à la construction incomplète de la cathédrale ? La Manquita
63%
Pour quoi la Semaine Sainte de Malaga est-elle particulièrement célèbre ? Processions religieuses avec de grandes statues
55%
Qui a fondé la ville de Malaga ? Les Phéniciens
45%
Quel film se déroulant à Malaga a reçu quatre nominations aux prix Goya ? Torremolinos 73
35%
Quel est le nom du célèbre centre commercial à ciel ouvert face à la mer ? Quai nº 1
23%
Aucun quiz correspondant
Distribution des résultats
% des personnes avec chaque résultat
Percentile par nombre de réponses
Votre historique - résultats
Vous n’avez pas pris ce quiz